|
|
|
|
| LEADER |
00000nam0a2200000 4500 |
| 001 |
376088 |
| 005 |
20231101051836.0 |
| 010 |
|
|
|a 502007148X
|
| 035 |
|
|
|a (RuTPU)RU\TPU\retro\33528
|
| 035 |
|
|
|a RU\TPU\book\227484
|
| 090 |
|
|
|a 376088
|
| 100 |
|
|
|a 20221221d1989 k y0rusy50 ca
|
| 101 |
0 |
|
|a rus
|
| 102 |
|
|
|a RU
|
| 105 |
|
|
|a y z 001zy
|
| 200 |
1 |
|
|a Экспертные системы: состояние и перспективы
|e сборник научных трудов
|f Академия наук СССР (АН СССР), Институт проблем передачи информации (ИППИ); отв. ред. Д. А. Поспелов
|
| 210 |
|
|
|a Москва
|c Наука
|d 1989
|
| 215 |
|
|
|a 152 с.
|
| 320 |
|
|
|a Библиография в конце статей
|
| 610 |
1 |
|
|a экспертные системы
|
| 610 |
1 |
|
|a разработки
|
| 610 |
1 |
|
|a проблемы
|
| 610 |
1 |
|
|a организация знаний
|
| 610 |
1 |
|
|a неполная информация
|
| 610 |
1 |
|
|a гипотезы
|
| 610 |
1 |
|
|a создание
|
| 675 |
|
|
|a 681.5
|v 3
|
| 702 |
|
1 |
|a Поспелов
|b Д. А.
|4 340
|
| 712 |
0 |
2 |
|a Академия наук СССР (АН СССР)
|b Институт проблем передачи информации (ИППИ)
|c (Москва)
|2 stltpush
|3 (RuTPU)RU\TPU\col\12444
|
| 801 |
|
1 |
|a RU
|b 63413507
|c 20120202
|
| 801 |
|
2 |
|a RU
|b 63413507
|c 20221221
|g RCR
|
| 942 |
|
|
|c BK
|